| 000 | 00409cam a2200169ua 4500 | ||
|---|---|---|---|
| 041 |
_aeng _h |
||
| 082 |
_a828.09 _bKET/TH |
||
| 100 | _aKetton-Cremer, R W . | ||
| 245 |
_aThomas Gray / _cR W Ketton-Cremer. _hTextual Documents |
||
| 250 |
_a1 / _b. |
||
| 260 |
_aLondon : _bLongman Green and Co , _c1958. |
||
| 300 | _a31 ; . | ||
| 504 | _a | ||
| 942 | _cBK | ||
| 999 |
_c6696 _d6696 |
||